书目信息 |
| 题名: |
泰州学派新论
|
|
| 作者: | 季芳桐 编著 | |
| 分册: | ||
| 出版信息: | 成都 巴蜀书社 2005 |
|
| 页数: | 249页 | |
| 开本: | 21cm | |
| 丛书名: | 儒道释博士论文丛书 | |
| 单 册: | ||
| 中图分类: | B248.35 | |
| 科图分类: | ||
| 主题词: | 哲学学派--zhe xue xue pai--研究--中国--明代 , 泰州学派--tai zhou xue pai--研究 | |
| 电子资源: | ||
| ISBN: | 7-80659-784-0 | |
| 000 | 00868nam 2200265 450 | |
| 001 | CAL 012006013690 | |
| 005 | 20061123153646.54 | |
| 010 | @a7-80659-784-0@dCNY 16.50 | |
| 099 | @aCAL 012006013690 | |
| 100 | @a20060227d2005 ekmy0chiy0121 ea | |
| 101 | 0 | @achi |
| 102 | @aCN@b510000 | |
| 200 | 1 | @a泰州学派新论@Atai zhou xue pai xin lun@f季芳桐编著 |
| 210 | @a成都@c巴蜀书社@d2005 | |
| 215 | @a249页@d21cm | |
| 225 | 2 | @a儒道释博士论文丛书@Aru dao shi bo shi lun wen cong shu |
| 320 | @a有书目 | |
| 330 | @a泰州学派是宋明理学的支脉,本书较为系统的论述了该学派的组织和社会功能。 | |
| 410 | 0 | @12001 @a儒道释博士论文丛书 |
| 606 | 0 | @a哲学学派@Azhe xue xue pai@x研究@y中国@z明代 |
| 606 | 0 | @a泰州学派@Atai zhou xue pai@x研究 |
| 690 | @aB248.35@v4 | |
| 701 | 0 | @a季芳桐@Aji fang tong,@f1954-@4编著 |
| 801 | @aCN@c20061123 | |
| 905 | @apdsgxy@dB248.35@eJ173 | |
| 泰州学派新论/季芳桐编著.-成都:巴蜀书社,2005 |
| 249页;21cm.-(儒道释博士论文丛书) |
| ISBN 7-80659-784-0:CNY 16.50 |
| 泰州学派是宋明理学的支脉,本书较为系统的论述了该学派的组织和社会功能。 |
| ● |
| 相关链接 |
|
|
|
正题名:泰州学派新论
索取号:B248.35/J173
 
预约/预借
| 序号 | 登录号 | 条形码 | 馆藏地/架位号 | 状态 | 备注 |
| 1 | 614055 | 206140558 | 社科库509/509社科库 15排1列4层/ [索取号:B248.35/J173] | 在馆 | |
| 2 | 614056 | 206140567 | 社科库509/509社科库 15排1列4层/ [索取号:B248.35/J173] | 在馆 |